| Tag |
First Indicator |
Second Indicator |
Subfields |
| LEADER |
00000cam a2200000 4500 |
| 001 |
in00000302713 |
| 005 |
20151010095731.0 |
| 008 |
720914s1965 njuab b 00000 eng d |
| 010 |
|
|
|a 65010834
|
| 035 |
|
|
|a (OCoLC)00406877
|
| 035 |
|
|
|9 ABH0791AM
|
| 040 |
|
|
|c WSU
|d TXA
|d UtOrBLW
|
| 049 |
|
|
|a TXAM
|c [1144426]
|
| 090 |
|
|
|a DD801.B42
|b M5
|
| 100 |
1 |
|
|a Mitchell, Alan F.
|
| 245 |
1 |
0 |
|a Revolution in Bavaria, 1918-1919 ;
|b the Eisner regime and the Soviet Republic.
|
| 264 |
|
1 |
|a Princeton, N.J. :
|b Princeton University Press,
|c 1965.
|
| 300 |
|
|
|a x, 374 pages :
|b illustrations, maps.
|
| 336 |
|
|
|a text
|b txt
|2 rdacontent
|
| 337 |
|
|
|a unmediated
|b n
|2 rdamedia
|
| 338 |
|
|
|a volume
|b nc
|2 rdacarrier
|
| 504 |
|
|
|a Bibliography: pages 347-361.
|
| 600 |
1 |
0 |
|a Eisner, Kurt,
|d 1867-1919.
|
| 651 |
|
0 |
|a Bavaria (Germany)
|x History
|y 1918-1945.
|
| 999 |
|
|
|a MARS
|
| 999 |
f |
f |
|s 605b519a-2c5d-3f99-9ab3-f015de68dcec
|i 6c97f435-111f-3fe0-a4f1-498a25cf8528
|t 0
|
| 952 |
f |
f |
|p normal
|a Texas A&M University
|b College Station
|c Sterling C. Evans Library
|d Evans: Library Stacks
|t 0
|e DD801.B42 M5
|h Library of Congress classification
|i unmediated -- volume
|m A14801979649
|
| 998 |
f |
f |
|a DD801.B42 M5
|t 0
|l Evans: Library Stacks
|